[Event "Titled Tuesday intern op 22nd Sept"]
[Site "Chess.com INT"]
[Date "2020.09.22"]
[Round "4"]
[White "Tomczak, Mikolaj"]
[Black "Gajewski, Grzegorz"]
[Result "0-1"]
[WhiteElo "2433"]
[BlackElo "2616"]
[PlyCount "44"]
[EventDate "2020.09.22"]
[EventType "swiss (blitz)"]
[EventRounds "10"]
[EventCountry "USA"]
[SourceTitle "CBM 198 Extra"]
[Source "ChessBase"]
[SourceDate "2020.11.30"]
[SourceVersion "1"]
[SourceVersionDate "2020.11.30"]
[SourceQuality "1"]

1. d4 Nf6 2. c4 e6 3. Nc3 Bb4 4. f3 c5 5. d5 d6 6. e4 0-0 7. Nge2 b5 8. Ng3 exd5 9. cxd5 c4 10. Be3 Nbd7 11. Be2 Bc5 12. Qd2 Qb6 13. Bxc5 Nxc5 14. h4 Re8 15. h5 h6 16. Nf1 b4 17. Nd1 Ba6 18. g4 c3 19. bxc3 Ncxe4 20. fxe4 Nxe4 21. Qd4 Nxc3 22. Qxb6 Rxe2# 0-1

[Event "Titled Tuesday intern op 22nd Sept"]
[Site "Chess.com INT"]
[Date "2020.09.22"]
[Round "1"]
[White "Zvereva, Margarita"]
[Black "Tomczak, Mikolaj"]
[Result "0-1"]
[WhiteElo "1929"]
[BlackElo "2433"]
[PlyCount "118"]
[EventDate "2020.09.22"]
[EventType "swiss (blitz)"]
[EventRounds "10"]
[EventCountry "USA"]
[SourceTitle "CBM 198 Extra"]
[Source "ChessBase"]
[SourceDate "2020.11.30"]
[SourceVersion "1"]
[SourceVersionDate "2020.11.30"]
[SourceQuality "1"]

1. e4 c5 2. Nf3 Nc6 3. d4 cxd4 4. Nxd4 e6 5. Nc3 a6 6. Be3 Nf6 7. Be2 Bb4 8. f3 d5 9. exd5 Nxd5 10. Nxc6 bxc6 11. Bd2 0-0 12. 0-0 Qb6+ 13. Kh1 Bxc3 14. bxc3 Ne3 15. Bxe3 Qxe3 16. Bd3 e5 17. Re1 Qc5 18. c4 Be6 19. Qe2 f6 20. Qe4 g6 21. Rab1 Rab8 22. Rxb8 Rxb8 23. f4 Bf5 24. Qe2 Bxd3 25. cxd3 exf4 26. Qe6+ Kg7 27. Qd7+ Kh6 28. Qh3+ Qh5 29. Qd7 c5 30. Qc7 Rb2 31. Qxf4+ Qg5 32. Qxg5+ Kxg5 33. h3 Rxa2 34. Re7 h5 35. Rc7 Ra5 36. Rc6 Kf5 37. Kh2 h4 38. Kg1 Ke5 39. Kf2 Kd4 40. Rd6+ Ke5 41. Rc6 g5 42. Kf3 f5 43. Rc8 Kd4 44. Rd8+ Kc3 45. Rd5 Ra1 46. Rxc5 Kxd3 47. Kf2 Ke4 48. Rc8 Ra2+ 49. Kf1 a5 50. Re8+ Kf4 51. c5 Rc2 52. Rc8 Kg3 53. c6 Rxg2 54. Ra8 Rc2 55. Rxa5 Kxh3 56. Rxf5 g4 57. Rf6 g3 58. Ke1 g2 59. Rg6 Rxc6 0-1

[Event "POL-chT 2nd League"]
[Site "Poronin"]
[Date "2020.09.12"]
[Round "8.3"]
[White "Tomczak, Mikolaj"]
[Black "Goluch, Piotr"]
[Result "1/2-1/2"]
[WhiteElo "2433"]
[BlackElo "2348"]
[PlyCount "30"]
[EventDate "2020.09.05"]
[EventType "team-swiss"]
[EventRounds "9"]
[EventCountry "POL"]
[SourceTitle "CBM 198 Extra"]
[Source "ChessBase"]
[SourceDate "2020.11.30"]
[SourceVersion "1"]
[SourceVersionDate "2020.11.30"]
[SourceQuality "1"]
[WhiteTeam "Strzelce Opolskie Strzelec"]
[BlackTeam "Bogatynia UKS SP3"]
[WhiteTeamCountry "POL"]
[BlackTeamCountry "POL"]

1. d4 Nf6 2. Bg5 e6 3. Nd2 h6 4. Bh4 d5 5. e3 Be7 6. Bd3 Nbd7 7. f4 0-0 8. Ngf3 c5 9. c3 b6 10. 0-0 Bb7 11. Ne5 Ne8 12. Bxe7 Qxe7 13. Qh5 Nd6 14. Rf3 f5 15. Raf1 Nxe5 1/2-1/2

[Event "UT RGV-Kozminski Univ Online Battle"]
[Site "chess24.com INT"]
[Date "2020.06.13"]
[Round "3.1"]
[White "Dragun, Kamil"]
[Black "Tomczak, Mikolaj"]
[Result "1/2-1/2"]
[WhiteElo "2561"]
[BlackElo "2433"]
[PlyCount "59"]
[EventDate "2020.06.13"]
[EventType "team-match (rapid)"]
[EventRounds "8"]
[EventCountry "USA"]
[SourceTitle "CBM 196 Extra"]
[Source "ChessBase"]
[SourceDate "2020.07.31"]
[SourceVersion "1"]
[SourceVersionDate "2020.07.31"]
[SourceQuality "1"]
[WhiteTeam "Texas Rio Grande Valley Univ"]
[BlackTeam "Kozminski Univ"]
[WhiteTeamCountry "USA"]
[BlackTeamCountry "POL"]

1. e4 c5 2. Nf3 d6 3. Bb5+ Bd7 4. Bxd7+ Qxd7 5. c4 Qg4 6. 0-0 Qxe4 7. d4 cxd4 8. Nxd4 Nf6 9. Re1 Qg4 10. Qa4+ Qd7 11. Nb5 Nc6 12. c5 dxc5 13. Bf4 e5 14. N1c3 Be7 15. Rad1 Qc8 16. Bxe5 0-0 17. Bxf6 Bxf6 18. Nd5 Bd4 19. Nxd4 cxd4 20. Rxd4 Re8 21. Rdd1 Rxe1+ 22. Rxe1 Qd8 23. Qb5 Rb8 24. h3 h6 25. Re3 Qd6 26. a3 a6 27. Qc4 Rd8 28. Nc3 Ne5 29. Qe2 Nc6 30. Re8+ 1/2-1/2

[Event "UT RGV-Kozminski Univ Online Battle"]
[Site "chess24.com INT"]
[Date "2020.06.13"]
[Round "2.2"]
[White "Tomczak, Mikolaj"]
[Black "Belous, Vladimir"]
[Result "1/2-1/2"]
[WhiteElo "2433"]
[BlackElo "2524"]
[PlyCount "74"]
[EventDate "2020.06.13"]
[EventType "team-match (rapid)"]
[EventRounds "8"]
[EventCountry "USA"]
[SourceTitle "CBM 196 Extra"]
[Source "ChessBase"]
[SourceDate "2020.07.31"]
[SourceVersion "1"]
[SourceVersionDate "2020.07.31"]
[SourceQuality "1"]
[WhiteTeam "Kozminski Univ"]
[BlackTeam "Texas Rio Grande Valley Univ"]
[WhiteTeamCountry "POL"]
[BlackTeamCountry "USA"]

1. e4 c5 2. Nf3 Nc6 3. d4 cxd4 4. Nxd4 e5 5. Nb5 d6 6. a4 Nf6 7. N1c3 a6 8. Na3 Bg4 9. Be2 Bxe2 10. Qxe2 d5 11. exd5 Nxd5 12. Nxd5 Qxd5 13. 0-0 Nd4 14. Qd1 Rd8 15. Be3 Be7 16. Bxd4 Qxd4 17. Qxd4 Rxd4 18. b3 Bxa3 19. Rxa3 Ke7 20. Re1 f6 21. Kf1 Rc8 22. Ra2 Rc3 23. Ke2 Kd6 24. Rd1 Kc5 25. Rxd4 Kxd4 26. a5 Rc7 27. Kd2 Rd7 28. Ra4+ Kc5+ 29. Kc3 Kb5 30. Rh4 h6 31. b4 Rd4 32. Rxd4 exd4+ 33. Kb3 h5 34. h4 g5 35. hxg5 fxg5 36. f3 h4 37. c4+ dxc3 1/2-1/2

[Event "Titled Tuesday intern op 12th May"]
[Site "Chess.com INT"]
[Date "2020.05.12"]
[Round "4"]
[White "Tomczak, Mikolaj"]
[Black "Manu David, Suthandram R"]
[Result "1-0"]
[WhiteElo "2433"]
[BlackElo "2360"]
[PlyCount "73"]
[EventDate "2020.05.12"]
[EventType "swiss (blitz)"]
[EventRounds "10"]
[EventCountry "USA"]
[SourceTitle "EXT 2021"]
[Source "ChessBase"]
[SourceDate "2020.10.23"]
[SourceVersion "1"]
[SourceVersionDate "2020.10.23"]
[SourceQuality "1"]

1. d4 Nf6 2. Nf3 e6 3. Bg5 d5 4. e3 c5 5. c3 Nc6 6. Nbd2 Be7 7. Bd3 0-0 8. Qe2 h6 9. h4 Nd7 10. Bc2 Re8 11. Bf4 Bf6 12. g4 e5 13. dxe5 Ndxe5 14. g5 Nxf3+ 15. Qxf3 Be5 16. gxh6 d4 17. Bb3 Bxf4 18. Qxf4 Ne5 19. Bxf7+ Nxf7 20. Rg1 dxe3 21. 0-0-0 Nxh6 22. Ne4 Qe7 23. Nf6+ Kh8 24. Nxe8 Qxe8 25. Qg5 Qf7 26. Rd8+ Kh7 27. fxe3 b6 28. h5 Ng8 29. Qg6+ Qxg6 30. hxg6+ Kh6 31. Rxg8 Bb7 32. Rxa8 Bxa8 33. Kd2 Be4 34. c4 Bxg6 35. Kc3 Bf7 36. Rd1 Be6 37. Rd6 1-0